000 01557nam0a2200337 4500
001 RU\NLR\bibl\1396648
005 20260406063133.0
010 _a978-5-02-036682-4
_bв пер.
021 _aRU
_b2009-41103
_92500
035 _a(nilc)RSL-KNO-004332855
035 _a(NLR Aleph) 001388669
090 _a1147952
_c1147952
100 _a20090515d2009 |||y0rusy50 ca
101 0 _arus
102 _aRU
105 _aa zzzz|||||
200 1 _aАналитическая химия: наука, приложения, люди
_fЮ. А. Золотов
_gРоссийская акад. наук, Ин-т общ. и неорганической химии им. Н. С. Курнакова
210 _aМосква
_cНаука
_d2009
215 _a323, [1] с., [1] л. цв. портр.
_cил., табл., факс.
_d22
225 1 _aНаука. Мировоззрение. Жизнь
_fредкол.: акад. Ю.С. Осипов (пред.) и [и др.]
320 _aБиблиогр.: с. 237-240 (89 назв.) и в подстроч. прим.
606 1 _aАналитическая химия
_9908783
_3RU\NLR\auth\6611823
610 0 _aНаучный совет РАН по аналитической химии - история
686 _aГ4,0
_2rubbk
686 _aГ4
700 1 _4070
_7ca
_8rus
_aЗолотов
_bЮ. А.
_f1932-
_gЮрий Александрович
_95002
_3RU\NLR\auth\7721941
801 0 _aRU
_bРКП
_c20090515
_grcr
801 1 _aRU
_bРГБ
_c20090515
801 2 _aRU
_bNLR
_c20090731
_grcr
942 _cBOOK
980 _aNB